000 00614nam a22002177a 4500
003 OSt
005 20210426111547.0
008 210127s1995 ||||| |||| 00| 0 eng d
040 _aeng
_beng
_cDLC
041 _aeng
_htur
080 _a008
_bA-29
100 _9695
_aAksit, Ilhan
245 _aThe City of Two Continents / Istanbul
_c/ by: Aksit Kultur Turizm Sanat Ajans
260 _aIstanbul
_bAksit Kultur Turizm Sanat Ajans
_c1995
300 _a220 p.
_bill.
365 _b11 usd
650 0 _9493
_aCulture
653 _aკულტურა
700 _9696
_aBragner, Robert
_eTranslator
942 _2udc
_cBK
999 _c960
_d960